Los versos de Yermao / (Registro nro. 13671)

Detalles MARC
000 -LEADER
fixed length control field 00799nam a22002417a 4500
003 - CONTROL NUMBER IDENTIFIER
control field OSt
005 - DATE AND TIME OF LATEST TRANSACTION
control field 20220304093423.0
008 - FIXED-LENGTH DATA ELEMENTS--GENERAL INFORMATION
fixed length control field 2020b2012 dr ||| 00| 0 spa d
020 ## - INTERNATIONAL STANDARD BOOK NUMBER
International Standard Book Number 9789945617993
040 ## - CATALOGING SOURCE
Original cataloging agency DO-SdBNP
Language of cataloging spa
Transcribing agency BPMSU
082 #4 - DEWEY DECIMAL CLASSIFICATION NUMBER
Classification number RD863.44
Item number D948v 2020
Edition number 22
100 1# - MAIN ENTRY--PERSONAL NAME
Personal name Durán Ureña, Miguelángel
245 14 - TITLE STATEMENT
Title Los versos de Yermao /
Statement of responsibility, etc. Miguelángel Durán Ureña
260 ## - PUBLICATION, DISTRIBUTION, ETC. (IMPRINT)
Place of publication, distribution, etc. Santo Domingo :
Name of publisher, distributor, etc. Búho,
Date of publication, distribution, etc. 2020
300 ## - PHYSICAL DESCRIPTION
Extent 367 p. ;
Dimensions 24 cm
500 ## - GENERAL NOTE
General note Incluye datos biográficos del autor en la solapa de la cubierta
505 0# - FORMATTED CONTENTS NOTE
Formatted contents note La creación del Boío -- Apolipsis -- Sentencia y muerte de la reina Anacaona -- Boyá.
590 ## - LOCAL NOTE (RLIN)
Local note Inventariado, 2021 /VM
650 #4 - SUBJECT ADDED ENTRY--TOPICAL TERM
Topical term or geographic name as entry element Novela histórica dominicana
650 #4 - SUBJECT ADDED ENTRY--TOPICAL TERM
Topical term or geographic name as entry element Literatura dominicana
910 ## - USER-OPTION DATA (OCLC)
User-option data VMateo V.
942 ## - ADDED ENTRY ELEMENTS (KOHA)
Source of classification or shelving scheme Dewey Decimal Classification
Koha item type Libros
Existencias
Withdrawn status Lost status Source of classification or shelving scheme Damaged status Not for loan Collection code Home library Current library Date acquired Source of acquisition Total Checkouts Full call number Barcode Date last seen Price effective from Koha item type
    Dewey Decimal Classification     Colección Dominicana Biblioteca Pública Metropolitana Salomé Ureña Biblioteca Pública Metropolitana Salomé Ureña 08/20/2021 Editora Búho   BPMSU CD RD863.44 D948v 2020 BPMSU21080072 08/20/2021 08/20/2021 Libros